[Event "DEM U10 2023"]
[Site "Willingen GER"]
[Date "2023.05.29"]
[Round "3"]
[White "Sheng, Ming"]
[Black "Lange, Fynn Jeremy"]
[Result "1-0"]
[Termination "normal"]
[Board "1"]
[WhiteElo "1675"]
[BlackElo "1616"]
[WhiteClock "00:47:12"]
[BlackClock "00:30:53"]
[PlyCount "95"]
[WhiteFideId "34605258"]
[BlackFideId "34616365"]
[EventCountry "GER"]
[EventRounds "11"]
[EventType "swiss"]
[EventDate "2023.05.27"]

1. e4 {[%clk 01:15:57]} {[%emt 00:00:02]} e5 {[%clk 01:15:54]} {[%emt
00:00:07]} 2. Nf3 {[%clk 01:16:23]} {[%emt 00:00:03]} Nf6 {[%clk 01:16:19]}
{[%emt 00:00:05]} 3. d4 {[%clk 01:16:49]} {[%emt 00:00:04]} Nxe4 {[%clk
01:16:41]} {[%emt 00:00:08]} 4. Bd3 {[%clk 01:17:15]} {[%emt 00:00:04]} d5
{[%clk 01:17:03]} {[%emt 00:00:08]} 5. Nxe5 {[%clk 01:17:40]} {[%emt 00:00:05]}
Nd7 {[%clk 01:15:48]} {[%emt 00:01:45]} 6. O-O {[%clk 01:16:36]} {[%emt
00:01:34]} Nxe5 {[%clk 01:14:47]} {[%emt 00:01:32]} 7. dxe5 {[%clk 01:16:40]}
{[%emt 00:00:24]} Nc5 {[%clk 01:13:59]} {[%emt 00:01:20]} 8. Nc3 {[%clk
01:13:18]} {[%emt 00:03:51]} Be7 {[%clk 01:10:40]} {[%emt 00:03:48]} 9. Bf4
{[%clk 01:12:53]} {[%emt 00:00:53]} O-O {[%clk 01:07:58]} {[%emt 00:03:14]} 10.
Nxd5 {[%clk 01:11:02]} {[%emt 00:02:22]} Be6 {[%clk 01:03:17]} {[%emt
00:05:10]} 11. Nxe7+ {[%clk 01:05:25]} {[%emt 00:06:07]} Qxe7 {[%clk 01:03:37]}
{[%emt 00:00:11]} 12. Be3 {[%clk 01:05:18]} {[%emt 00:00:37]} Rad8 {[%clk
00:59:15]} {[%emt 00:04:52]} 13. Bxc5 {[%clk 01:05:21]} {[%emt 00:00:27]} Qxc5
{[%clk 00:59:38]} {[%emt 00:00:07]} 14. Qe2 {[%clk 01:05:25]} {[%emt 00:00:25]}
Rfe8 {[%clk 00:54:08]} {[%emt 00:06:01]} 15. a3 {[%clk 01:02:53]} {[%emt
00:03:02]} Bc8 {[%clk 00:49:13]} {[%emt 00:05:25]} 16. Rae1 {[%clk 01:02:29]}
{[%emt 00:00:53]} Qd4 {[%clk 00:45:39]} {[%emt 00:04:05]} 17. Qe4 {[%clk
01:00:59]} {[%emt 00:01:58]} Qxe4 {[%clk 00:44:51]} {[%emt 00:01:19]} 18. Bxe4
{[%clk 01:00:45]} {[%emt 00:00:45]} g6 {[%clk 00:42:38]} {[%emt 00:02:42]} 19.
f4 {[%clk 01:00:54]} {[%emt 00:00:21]} c6 {[%clk 00:41:21]} {[%emt 00:01:48]}
20. Bd3 {[%clk 00:59:55]} {[%emt 00:01:29]} Re7 {[%clk 00:39:14]} {[%emt
00:02:36]} 21. Rd1 {[%clk 00:59:22]} {[%emt 00:01:04]} Bg4 {[%clk 00:38:23]}
{[%emt 00:01:19]} 22. Rd2 {[%clk 00:58:33]} {[%emt 00:01:21]} Bf5 {[%clk
00:37:39]} {[%emt 00:01:13]} 23. Rff2 {[%clk 00:58:40]} {[%emt 00:00:24]} Red7
{[%clk 00:37:54]} {[%emt 00:00:15]} 24. Rf3 {[%clk 00:58:06]} {[%emt 00:01:04]}
c5 {[%clk 00:37:53]} {[%emt 00:00:32]} 25. b3 {[%clk 00:57:53]} {[%emt
00:00:42]} b5 {[%clk 00:37:50]} {[%emt 00:00:33]} 26. Rdf2 {[%clk 00:53:59]}
{[%emt 00:04:23]} Bxd3 {[%clk 00:37:21]} {[%emt 00:01:00]} 27. cxd3 {[%clk
00:53:59]} {[%emt 00:00:30]} Rxd3 {[%clk 00:37:44]} {[%emt 00:00:07]} 28. Rxd3
{[%clk 00:52:49]} {[%emt 00:01:40]} Rxd3 {[%clk 00:38:03]} {[%emt 00:00:12]}
29. Rf3 {[%clk 00:51:19]} {[%emt 00:02:00]} Rxf3 {[%clk 00:35:52]} {[%emt
00:02:40]} 30. gxf3 {[%clk 00:51:37]} {[%emt 00:00:12]} Kf8 {[%clk 00:36:13]}
{[%emt 00:00:09]} 31. Kf2 {[%clk 00:48:45]} {[%emt 00:03:22]} Ke7 {[%clk
00:36:34]} {[%emt 00:00:09]} 32. Ke3 {[%clk 00:48:48]} {[%emt 00:00:27]} Ke6
{[%clk 00:36:30]} {[%emt 00:00:34]} 33. Ke4 {[%clk 00:48:10]} {[%emt 00:01:08]}
h6 {[%clk 00:30:45]} {[%emt 00:06:15]} 34. a4 {[%clk 00:44:47]} {[%emt
00:03:53]} bxa4 {[%clk 00:29:39]} {[%emt 00:01:36]} 35. bxa4 {[%clk 00:43:33]}
{[%emt 00:01:44]} a5 {[%clk 00:28:37]} {[%emt 00:01:32]} 36. h3 {[%clk
00:43:32]} {[%emt 00:00:32]} g5 {[%clk 00:28:31]} {[%emt 00:00:35]} 37. f5+
{[%clk 00:43:55]} {[%emt 00:00:07]} Kd7 {[%clk 00:28:45]} {[%emt 00:00:17]} 38.
Kd5 {[%clk 00:44:23]} c4 {[%clk 00:28:52]} {[%emt 00:00:23]} 39. Kxc4 {[%clk
00:44:33]} {[%emt 00:00:20]} Kc6 {[%clk 00:29:10]} {[%emt 00:00:12]} 40. Kd4
{[%clk 00:44:33]} {[%emt 00:00:30]} h5 {[%clk 00:29:28]} {[%emt 00:00:11]} 41.
Kc4 {[%clk 00:44:48]} {[%emt 00:00:16]} g4 {[%clk 00:29:43]} {[%emt 00:00:14]}
42. fxg4 {[%clk 00:45:13]} {[%emt 00:00:06]} hxg4 {[%clk 00:29:46]} {[%emt
00:00:27]} 43. hxg4 {[%clk 00:45:36]} {[%emt 00:00:07]} Kb6 {[%clk 00:29:38]}
{[%emt 00:00:38]} 44. Kd5 {[%clk 00:45:57]} {[%emt 00:00:08]} Kc7 {[%clk
00:30:02]} {[%emt 00:00:06]} 45. g5 {[%clk 00:46:16]} {[%emt 00:00:12]} Kd7
{[%clk 00:30:26]} {[%emt 00:00:06]} 46. Kc5 {[%clk 00:46:38]} {[%emt 00:00:09]}
Kc7 {[%clk 00:30:50]} {[%emt 00:00:06]} 47. g6 {[%clk 00:46:54]} {[%emt
00:00:13]} f6 {[%clk 00:30:53]} {[%emt 00:00:27]} 48. exf6 {[%clk 00:47:12]}
{[%emt 00:00:12]} 1-0

[Event "DEM U10 2023"]
[Site "Willingen GER"]
[Date "2023.05.29"]
[Round "3"]
[White "Meitzner, Jonathan Franz"]
[Black "Steinbrenner, Peter"]
[Result "1-0"]
[Termination "normal"]
[Board "2"]
[WhiteElo "1314"]
[BlackElo "1601"]
[WhiteClock "00:31:23"]
[BlackClock "00:07:35"]
[PlyCount "109"]
[WhiteFideId "34616110"]
[BlackFideId "34645535"]
[EventCountry "GER"]
[EventRounds "11"]
[EventType "swiss"]
[EventDate "2023.05.27"]

1. e4 {[%clk 01:15:59]} {[%emt 00:27:16]} e5 {[%clk 01:15:57]} {[%emt
00:00:04]} 2. Nf3 {[%clk 01:16:23]} {[%emt 00:00:04]} Nc6 {[%clk 01:16:23]}
{[%emt 00:00:05]} 3. Bc4 {[%clk 01:16:47]} {[%emt 00:00:06]} Nf6 {[%clk
01:16:49]} {[%emt 00:00:03]} 4. d4 {[%emt 00:00:36]} exd4 {[%clk 01:17:05]}
{[%emt 00:00:07]} 5. O-O {[%clk 01:15:39]} {[%emt 00:01:39]} d6 {[%clk
01:13:41]} {[%emt 00:03:52]} 6. Nxd4 {[%clk 01:11:16]} {[%emt 00:04:55]} Nxd4
{[%clk 01:12:18]} {[%emt 00:01:54]} 7. Qxd4 {[%clk 01:11:39]} {[%emt 00:00:06]}
Be7 {[%clk 01:12:32]} {[%emt 00:00:16]} 8. Nc3 {[%clk 01:11:22]} {[%emt
00:00:47]} O-O {[%clk 01:10:10]} {[%emt 00:02:52]} 9. Bf4 {[%clk 01:10:35]}
{[%emt 00:01:17]} Bg4 {[%clk 00:56:11]} {[%emt 00:14:30]} 10. h3 {[%clk
01:09:16]} {[%emt 00:01:47]} Bh5 {[%clk 00:56:32]} {[%emt 00:00:09]} 11. Rfe1
{[%clk 01:08:16]} {[%emt 00:01:30]} a6 {[%clk 00:32:15]} {[%emt 00:24:48]} 12.
Nd5 {[%clk 00:59:04]} {[%emt 00:09:42]} Re8 {[%clk 00:21:58]} {[%emt 00:10:47]}
13. Nxf6+ {[%clk 00:50:31]} {[%emt 00:09:03]} Bxf6 {[%clk 00:22:12]} {[%emt
00:00:16]} 14. Qd5 {[%clk 00:50:56]} {[%emt 00:00:05]} Bg6 {[%clk 00:18:15]}
{[%emt 00:04:26]} 15. Qxb7 {[%clk 00:50:47]} {[%emt 00:00:40]} Rb8 {[%clk
00:14:37]} {[%emt 00:04:08]} 16. Qd5 {[%clk 00:49:56]} {[%emt 00:01:21]} Bxb2
{[%clk 00:09:24]} {[%emt 00:05:43]} 17. Rab1 {[%clk 00:49:55]} {[%emt
00:00:31]} Bc3 {[%clk 00:07:00]} {[%emt 00:02:55]} 18. Rxb8 {[%clk 00:47:35]}
{[%emt 00:02:50]} Qxb8 {[%clk 00:07:23]} {[%emt 00:00:06]} 19. Re3 {[%clk
00:47:41]} {[%emt 00:00:22]} Be5 {[%clk 00:07:44]} {[%emt 00:00:11]} 20. Bxe5
{[%emt 00:01:33]} Rxe5 {[%clk 00:08:02]} {[%emt 00:00:11]} 21. Qc6 {[%clk
00:46:58]} {[%emt 00:00:11]} a5 {[%clk 00:07:01]} {[%emt 00:01:31]} 22. Rb3
{[%clk 00:47:08]} {[%emt 00:00:21]} Qd8 {[%clk 00:04:36]} {[%emt 00:02:54]} 23.
Bd5 {[%clk 00:46:24]} {[%emt 00:01:14]} h6 {[%clk 00:03:57]} {[%emt 00:01:10]}
24. Rb7 {[%clk 00:43:53]} {[%emt 00:03:00]} Qg5 {[%clk 00:03:42]} {[%emt
00:00:42]} 25. Rb1 {[%clk 00:41:50]} {[%emt 00:02:36]} Qe7 {[%clk 00:03:14]}
{[%emt 00:00:55]} 26. f3 {[%clk 00:32:38]} {[%emt 00:09:44]} Rg5 {[%clk
00:01:51]} {[%emt 00:01:54]} 27. Qa8+ {[%clk 00:32:53]} {[%emt 00:00:15]} Kh7
{[%clk 00:02:05]} {[%emt 00:00:16]} 28. Rb8 {[%clk 00:32:48]} {[%emt 00:00:35]}
Bh5 {[%clk 00:01:15]} {[%emt 00:01:19]} 29. Rh8+ {[%clk 00:32:52]} {[%emt
00:00:26]} Kg6 {[%clk 00:01:42]} {[%emt 00:00:04]} 30. f4 {[%clk 00:31:01]}
{[%emt 00:02:21]} Rg3 {[%clk 00:01:00]} {[%emt 00:01:12]} 31. Qg8 {[%clk
00:24:37]} {[%emt 00:06:54]} Kf6 {[%clk 00:01:05]} {[%emt 00:00:24]} 32. Rxh6+
{[%clk 00:24:35]} {[%emt 00:00:33]} gxh6 {[%clk 00:01:16]} {[%emt 00:00:19]}
33. Qxg3 {[%clk 00:24:58]} {[%emt 00:00:06]} Qf8 {[%clk 00:00:35]} {[%emt
00:01:12]} 34. Qh4+ {[%clk 00:25:21]} {[%emt 00:00:07]} Kg6 {[%clk 00:01:04]}
{[%emt 00:00:01]} 35. f5+ {[%clk 00:25:41]} {[%emt 00:00:10]} Kh7 {[%clk
00:01:30]} {[%emt 00:00:04]} 36. Qxh5 {[%clk 00:25:59]} {[%emt 00:00:11]} Kg7
{[%clk 00:01:45]} {[%emt 00:00:16]} 37. Qg4+ {[%clk 00:26:12]} {[%emt
00:00:17]} Kh7 {[%clk 00:02:06]} {[%emt 00:00:09]} 38. f6 {[%clk 00:26:16]}
{[%emt 00:00:25]} a4 {[%clk 00:02:34]} {[%emt 00:00:03]} 39. Qh5 {[%clk
00:26:17]} {[%emt 00:00:29]} Kg8 {[%clk 00:02:57]} {[%emt 00:00:07]} 40. Qg6+
{[%clk 00:26:36]} {[%emt 00:00:10]} Kh8 {[%clk 00:03:17]} {[%emt 00:00:11]} 41.
Qxf7 {[%clk 00:26:58]} {[%emt 00:00:08]} Qxf7 {[%clk 00:03:23]} {[%emt
00:00:25]} 42. Bxf7 {[%clk 00:27:20]} {[%emt 00:00:08]} h5 {[%clk 00:03:32]}
{[%emt 00:00:17]} 43. Bxh5 {[%clk 00:27:46]} {[%emt 00:00:07]} a3 {[%clk
00:03:55]} {[%emt 00:00:07]} 44. f7 {[%clk 00:28:06]} {[%emt 00:00:10]} Kg7
{[%clk 00:04:22]} {[%emt 00:00:03]} 45. Kf2 {[%clk 00:28:26]} {[%emt 00:00:09]}
c5 {[%clk 00:04:47]} {[%emt 00:00:06]} 46. Kf3 {[%clk 00:28:51]} {[%emt
00:00:04]} c4 {[%clk 00:05:13]} {[%emt 00:00:05]} 47. Kf4 {[%clk 00:29:12]}
{[%emt 00:00:09]} c3 {[%clk 00:05:36]} {[%emt 00:00:07]} 48. Kg5 {[%clk
00:29:20]} {[%emt 00:00:22]} Kf8 {[%clk 00:05:58]} {[%emt 00:00:08]} 49. Kf5
{[%clk 00:29:27]} {[%emt 00:00:24]} d5 {[%clk 00:06:07]} {[%emt 00:00:21]} 50.
exd5 {[%clk 00:29:46]} {[%emt 00:00:10]} Ke7 {[%clk 00:06:05]} {[%emt
00:00:32]} 51. d6+ {[%clk 00:30:10]} {[%emt 00:00:06]} Kf8 {[%clk 00:06:29]}
{[%emt 00:00:05]} 52. d7 {[%clk 00:30:35]} {[%emt 00:00:05]} Kg7 {[%clk
00:06:49]} {[%emt 00:00:11]} 53. d8=Q {[%clk 00:30:54]} {[%emt 00:00:10]} Kh7
{[%clk 00:07:13]} {[%emt 00:00:07]} 54. Bg6+ {[%clk 00:31:13]} {[%emt
00:00:10]} Kg7 {[%clk 00:07:35]} {[%emt 00:00:09]} 55. f8=Q# {[%clk 00:31:23]}
{[%emt 00:00:17]} 1-0

[Event "DEM U10 2023"]
[Site "Willingen GER"]
[Date "2023.05.29"]
[Round "3"]
[White "Aguike, Toshiya"]
[Black "Fadeev, Justin Michael"]
[Result "0-1"]
[Termination "normal"]
[Board "3"]
[WhiteElo "1490"]
[BlackElo "1470"]
[WhiteClock "00:42:53"]
[BlackClock "00:31:33"]
[PlyCount "54"]
[WhiteFideId "34611347"]
[BlackFideId "34602968"]
[EventCountry "GER"]
[EventRounds "11"]
[EventType "swiss"]
[EventDate "2023.05.27"]

1. e4 {[%clk 01:15:58]} {[%emt 12:44:00]} c5 {[%clk 01:15:57]} {[%emt
00:00:04]} 2. Nf3 {[%clk 01:16:22]} {[%emt 00:00:05]} Nc6 {[%clk 01:16:23]}
{[%emt 00:00:04]} 3. d4 {[%clk 01:16:46]} {[%emt 00:00:05]} cxd4 {[%clk
01:16:49]} {[%emt 00:00:05]} 4. Nxd4 {[%clk 01:17:07]} {[%emt 00:00:08]} g6
{[%clk 01:17:14]} {[%emt 00:00:06]} 5. Nc3 {[%clk 01:17:28]} {[%emt 00:00:09]}
Bg7 {[%clk 01:17:40]} {[%emt 00:00:05]} 6. Be3 {[%clk 01:17:50]} {[%emt
00:00:07]} Nf6 {[%clk 01:18:00]} {[%emt 00:00:09]} 7. Nxc6 {[%clk 01:18:12]}
{[%emt 00:00:09]} bxc6 {[%clk 01:18:25]} {[%emt 00:00:05]} 8. e5 {[%clk
01:18:35]} {[%emt 00:00:07]} Ng8 {[%clk 01:18:00]} {[%emt 00:00:55]} 9. f4
{[%clk 01:18:53]} {[%emt 00:00:12]} Nh6 {[%clk 01:17:53]} {[%emt 00:00:37]} 10.
g4 {[%clk 01:14:56]} {[%emt 00:04:27]} d6 {[%clk 01:10:42]} {[%emt 00:07:41]}
11. exd6 {[%clk 01:14:38]} {[%emt 00:00:48]} Bxg4 {[%clk 01:04:18]} {[%emt
00:06:53]} 12. Qd2 {[%clk 01:09:38]} {[%emt 00:05:31]} Nf5 {[%clk 00:58:42]}
{[%emt 00:06:06]} 13. Bg2 {[%clk 01:09:16]} {[%emt 00:00:51]} O-O {[%clk
00:54:45]} {[%emt 00:04:27]} 14. O-O {[%clk 01:06:08]} {[%emt 00:03:38]} Qxd6
{[%clk 00:51:19]} {[%emt 00:03:57]} 15. Qxd6 {[%clk 01:00:53]} {[%emt
00:05:45]} exd6 {[%clk 00:51:43]} {[%emt 00:00:06]} 16. Bf2 {[%clk 00:59:16]}
{[%emt 00:02:07]} d5 {[%clk 00:51:42]} {[%emt 00:00:30]} 17. Rfe1 {[%clk
00:55:38]} {[%emt 00:04:08]} Rab8 {[%clk 00:48:31]} {[%emt 00:03:42]} 18. Rab1
{[%clk 00:55:28]} {[%emt 00:00:40]} Rb7 {[%clk 00:41:47]} {[%emt 00:07:14]} 19.
Na4 {[%clk 00:52:34]} {[%emt 00:03:23]} Bd4 {[%clk 00:36:53]} {[%emt 00:05:24]}
20. c3 {[%clk 00:51:41]} {[%emt 00:01:24]} Bxf2+ {[%clk 00:36:47]} {[%emt
00:00:36]} 21. Kxf2 {[%clk 00:51:35]} {[%emt 00:00:35]} Rbb8 {[%clk 00:35:20]}
{[%emt 00:01:57]} 22. Nc5 {[%clk 00:49:52]} {[%emt 00:02:14]} Nd6 {[%clk
00:31:33]} {[%emt 00:04:17]} 23. Kg3 {[%clk 00:49:07]} {[%emt 00:01:15]} Bf5
{[%clk 00:31:54]} {[%emt 00:00:10]} 24. Rbc1 {[%clk 00:46:23]} {[%emt
00:03:11]} Rxb2 {[%clk 00:31:10]} {[%emt 00:01:15]} 25. a4 {[%clk 00:45:16]}
{[%emt 00:01:38]} h5 {[%clk 00:31:08]} {[%emt 00:00:32]} 26. h4 {[%clk
00:43:06]} {[%emt 00:02:40]} Bg4 {[%clk 00:31:09]} {[%emt 00:00:28]} 27. Re7
{[%clk 00:42:53]} {[%emt 00:00:44]} Nf5+ {[%clk 00:31:33]} {[%emt 00:00:06]}
0-1

[Event "DEM U10 2023"]
[Site "Willingen GER"]
[Date "2023.05.29"]
[Round "3"]
[White "Peglau, Paul David"]
[Black "Heins, Simon"]
[Result "1-0"]
[Termination "normal"]
[Board "4"]
[WhiteElo "1745"]
[BlackElo "1592"]
[WhiteClock "01:02:23"]
[BlackClock "01:16:59"]
[PlyCount "71"]
[WhiteFideId "16290550"]
[BlackFideId "34660194"]
[EventCountry "GER"]
[EventRounds "11"]
[EventType "swiss"]
[EventDate "2023.05.27"]

1. Nf3 {[%clk 01:15:57]} {[%emt 00:00:02]} Nf6 {[%clk 01:15:54]} {[%emt
00:00:06]} 2. d4 {[%clk 01:16:21]} {[%emt 00:00:06]} d5 {[%clk 01:16:18]}
{[%emt 00:00:05]} 3. Bf4 {[%clk 01:16:45]} {[%emt 00:00:07]} Bf5 {[%clk
01:16:30]} {[%emt 00:00:18]} 4. e3 {[%clk 01:17:08]} {[%emt 00:00:07]} e6
{[%clk 01:16:51]} {[%emt 00:00:09]} 5. c4 {[%clk 01:17:33]} {[%emt 00:00:05]}
Bd6 {[%clk 01:16:53]} {[%emt 00:00:28]} 6. Bg3 {[%clk 01:17:53]} {[%emt
00:00:11]} c5 {[%clk 01:16:21]} {[%emt 00:01:01]} 7. Nc3 {[%clk 01:16:46]}
{[%emt 00:01:37]} Nc6 {[%clk 01:16:05]} {[%emt 00:00:46]} 8. cxd5 {[%clk
01:15:05]} {[%emt 00:02:11]} Nxd5 {[%clk 01:14:26]} {[%emt 00:02:08]} 9. Nxd5
{[%clk 01:10:19]} {[%emt 00:05:17]} exd5 {[%clk 01:14:48]} {[%emt 00:00:08]}
10. Bb5 {[%clk 01:06:20]} {[%emt 00:04:30]} O-O {[%clk 01:13:06]} {[%emt
00:02:10]} 11. O-O {[%clk 01:05:29]} {[%emt 00:01:21]} a6 {[%clk 01:12:17]}
{[%emt 00:01:19]} 12. Bxc6 {[%clk 01:04:36]} {[%emt 00:01:25]} bxc6 {[%clk
01:12:40]} {[%emt 00:00:06]} 13. Bxd6 {[%clk 01:01:39]} {[%emt 00:03:27]} Qxd6
{[%clk 01:10:41]} {[%emt 00:02:27]} 14. dxc5 {[%clk 00:58:24]} {[%emt
00:03:47]} Qxc5 {[%clk 01:10:42]} {[%emt 00:00:28]} 15. Rc1 {[%clk 00:58:11]}
{[%emt 00:00:42]} Qb5 {[%clk 01:10:49]} {[%emt 00:00:24]} 16. Nd4 {[%clk
00:57:49]} {[%emt 00:00:54]} Qd3 {[%clk 01:10:48]} {[%emt 00:00:30]} 17. Qxd3
{[%clk 00:56:32]} {[%emt 00:01:47]} Bxd3 {[%clk 01:11:15]} {[%emt 00:00:03]}
18. Rfd1 {[%clk 00:56:55]} {[%emt 00:00:07]} Bb5 {[%clk 01:11:07]} {[%emt
00:00:36]} 19. Nxc6 {[%clk 00:56:37]} {[%emt 00:00:49]} Rac8 {[%clk 01:10:56]}
{[%emt 00:00:41]} 20. Ne7+ {[%clk 00:57:01]} {[%emt 00:00:07]} Kh8 {[%clk
01:11:13]} {[%emt 00:00:13]} 21. Rxc8 {[%clk 00:57:17]} {[%emt 00:00:14]} Be8
{[%clk 01:11:27]} {[%emt 00:00:16]} 22. Rxd5 {[%clk 00:57:24]} {[%emt
00:00:23]} h6 {[%clk 01:11:46]} {[%emt 00:00:11]} 23. Rdd8 {[%clk 00:57:49]}
{[%emt 00:00:04]} a5 {[%clk 01:12:07]} {[%emt 00:00:10]} 24. Rxe8 {[%clk
00:58:13]} {[%emt 00:00:06]} Rxe8 {[%clk 01:12:32]} {[%emt 00:00:05]} 25. Rxe8+
{[%clk 00:58:40]} {[%emt 00:00:04]} Kh7 {[%clk 01:12:57]} {[%emt 00:00:04]} 26.
Ra8 {[%clk 00:58:51]} {[%emt 00:00:19]} g5 {[%clk 01:13:20]} {[%emt 00:00:07]}
27. Rxa5 {[%clk 00:59:12]} {[%emt 00:00:09]} f5 {[%clk 01:13:43]} {[%emt
00:00:07]} 28. b4 {[%clk 00:59:36]} {[%emt 00:00:06]} f4 {[%clk 01:14:09]}
{[%emt 00:00:04]} 29. b5 {[%clk 01:00:01]} {[%emt 00:00:04]} fxe3 {[%clk
01:14:35]} {[%emt 00:00:05]} 30. fxe3 {[%clk 01:00:27]} {[%emt 00:00:05]} g4
{[%clk 01:15:01]} {[%emt 00:00:03]} 31. b6 {[%clk 01:00:49]} {[%emt 00:00:08]}
g3 {[%clk 01:15:20]} {[%emt 00:00:11]} 32. b7 {[%clk 01:01:12]} {[%emt
00:00:07]} gxh2+ {[%clk 01:15:44]} {[%emt 00:00:05]} 33. Kxh2 {[%clk 01:01:37]}
{[%emt 00:00:05]} h5 {[%clk 01:16:11]} {[%emt 00:00:03]} 34. b8=Q {[%clk
01:01:59]} {[%emt 00:00:08]} h4 {[%clk 01:16:37]} {[%emt 00:00:04]} 35. Qg8+
{[%clk 01:02:23]} {[%emt 00:00:07]} Kh6 {[%clk 01:16:59]} {[%emt 00:00:08]} 36.
Qg6# {[%emt 00:00:05]} 1-0